000
00362nam a22001577a 4500
003
MPLRDC
005
20220104142612.0
008
210129b ||||| |||| 00| 0 eng d
082
_a
802.84 FDS
100
_a
冯定山编著
245
_a
通俗文选
_c
260
_a
_b
香港世界出版社
_c
1957
300
_b
平
650
_a
942
_c
BK
_o
802.84 FDS
999
_c
32215
_d
32205